| 000 | 00425nam a22001457a 4500 | ||
|---|---|---|---|
| 020 | _a9781119001195 | ||
| 040 | _cNUST | ||
| 082 |
_a658.4038 _bMUR |
||
| 100 |
_aMurray, Daniel G _982896 |
||
| 245 |
_aTableau Your Data: _bFast and Easy Visual Analysis With Tableau Software |
||
| 250 | _a2nd Edition | ||
| 260 |
_aIndianapolis: _bJohn Wiley & Sons, _c2016. |
||
| 650 |
_aTableau. Tableau Your Data _983105 |
||
| 942 |
_2ddc _cBK |
||
| 999 |
_c586482 _d586482 |
||